000 00786nam a22002777a 4500
001 BR9300984
003 BR-BrBNA
005 20230928093855.0
007 ta
008 230509b bl.||||| |||| 00| 0 por d
040 _aBR-BrBNA
_bpor
_cBiblioteca Nacional de Agricultura
041 _a(Por)
072 _aL02; Q52; Q02
_b5214
090 _ 5214 BR9300984
100 1 _aSantos, P.R.M. dos
100 1 _aSellito, Y.M.
110 1 _aCompanhia Energetica de Sao Paulo, Sao Paulo (Brasil)
_92428
245 1 _aPecuaria leiteira tecnicas racionais e eletromecanizacao
260 3 _aSao Paulo, SP (Brasil):
_c1983.
300 _a22 p.
650 _aGado Leiteiro
650 _aEquipamento Agricola
650 _aPratico
909 _a202309
_bLucia
_c55
_dLucia Elande
942 _cBK
999 _c47634
_d47634